Responses for show #5037 - Tuesday, July 4, 2006

Contestants

[<< previous game]

A.K. Subramanian, a high school history teacher from Villa Park, California

Michelle Bondurant, a medical coordinator originally from Greensboro, North Carolina

Susannah Jacobson, a communications assistant from Madison, Wisconsin (whose 2-day cash winnings total $56,001)

[next game >>]

Jeopardy! Round responses

POETS & POETRY
NAMES IN SPORTS
LET'S GRAB SOME SEAFOOD
AN "F" IN HISTORY
ODD JOBS
13-LETTER WORDS
    $200 6
dream

Triple Stumper
    $200 1
Willie Shoemaker

A.K.
    $200 11
a lobster

A.K.
    $200 12
(A.K.: What is a Square Deal?)

a Fair Deal

SusannahA.K.
    $200 19
Mouseketeers

A.K.
    $200 26
an exhibitionist

Susannah
    $400 7
Sylvia Plath

Susannah
    $400 5
a Hawkeye

Susannah
    $400 16
a crab

Susannah
    $400 13
France

Susannah
    $400 20
an assistant director

A.K.
    $400 27
a Pennsylvanian

Susannah
    $600 8
Keats

Michelle
    $600 4
"Deacon"

A.K.
    $600 17
an oyster

A.K.
    $600 14
Friendship

Michelle
    $600 21
a lathe

Michelle
    $600 28
a percussionist

Susannah
    $800 9
(Michelle: Who is Browning?)

Shelley

Michelle
Triple Stumper
    $800 3
"Showtime"

A.K.
    $800 24
a clam

Michelle
    $800 15
Finland

Susannah
    $800 22
(Michelle: What is a bowsman?)

bowman

Michelle
    $800 29
impersonation

A.K.
    $1000 10
Robert Frost

Triple Stumper
    $1000 2
"Clete" (or Cletis)

Triple Stumper
    $1000 25
scallops

Susannah
    $1000 18
(A.K.: Who is Martin Van Buren?)
...
(Alex: I betcha all three of you forgot the category--"F". 13th president--[*].)

(Millard) Fillmore

A.K.
Triple Stumper
    $1000 23
(Susannah: What are stays?)

staves

Susannah
Triple Stumper
    $1000 30
herpetologist

Michelle

Scores at the first commercial break (after clue 15):

Susannah Michelle A.K.
$2,200 $400 $1,600

Scores at the end of the Jeopardy! Round:

Susannah Michelle A.K.
$3,800 $2,000 $2,600

Double Jeopardy! Round responses

COMPOSERS
QUOTES FROM THE GODFATHER MOVIES
GEISHA GLOSSARY
PLANT LIFE
AMERICAN RIVERS
CROSSWORD CLUES "P"
    $400 6
Sousa

Michelle
    $400 8
the fishes

A.K.
    $400 16
a kimono

Susannah
    $400 1
a lily

Susannah
    $400 19
the Mississippi

Susannah
    $400 26
plume

Michelle
    $800 7
Stravinsky

A.K.
    $800 9
the family

Susannah
    $800 17
hello

Susannah
    $800 2
taro

Michelle
    $800 20
(Alex: It was also known as the Battle of [*], hence [*] River.)

the Little Big Horn

Triple Stumper
    $800 27
prescription

Susannah
    $1200 11
Handel

Susannah
    $1200 10
your enemies

Michelle
    $1200 18
an apprentice

Michelle
    $1,000 3
(Michelle: What is a pine?)

palm

Michelle
    $1200 21
Potomac

Michelle
    $1200 28
(Susannah: What is pottery?)

porcelain

SusannahA.K.
    $1600 12
Bach

Susannah
    $1600 14
U.S. Steel

Triple Stumper
    $1600 24
a toast

Michelle
    $1600 4
moss

Triple Stumper
    $1600 22
the Monongahela

Susannah
    $1600 30
privilege

Michelle
    $2000 13
Giuseppe Verdi

Triple Stumper
    $2000 15
(Alex: ...said Mr. Sollozzo.)

a businessman

Triple Stumper
    $2000 25
a plectrum

Susannah
    $2000 5
spatulate

Susannah
    $2,000 23
(Susannah: What is the Ohio?)
(Alex: No. "On The Banks Of [*]".)

the Wabash

Susannah
    $2000 29
Priscilla

Triple Stumper

Scores at the end of the Double Jeopardy! Round:

Susannah Michelle A.K.
$12,600 $9,400 $5,000

[wagering suggestions for these scores]

Final Jeopardy! Round responses

THE 20th CENTURY
(Alex: First Asian country to detonate a nuclear device.)
A.K.What is France?
$5,000
MichelleWhat is the USSR?
$2,900
SusannahWhat is N. Vietnam?
$6,201
China

Final scores:

Susannah Michelle A.K.
$6,399 $6,500 $0
2nd place: $2,000 New champion: $6,500 3rd place: $1,000

Game dynamics:

Coryat scores:

Susannah Michelle A.K.
$14,600 $11,200 $5,000
21 R,
3 W
(including 1 DD)
13 R,
3 W
(including 2 DDs)
11 R,
2 W

Combined Coryat: $30,800

The J! Archive is created by fans, for fans. The Jeopardy! game show and all elements thereof, including but not limited to copyright and trademark thereto, are the property of Jeopardy Productions, Inc. and are protected under law. This website is not affiliated with, sponsored by, or operated by Jeopardy Productions, Inc. Join the discussion at JBoard.tv.